Chúng ta có Bác Hồ, t. I /

Guardado en:
Detalles Bibliográficos
Autor principal: Đình Nguyên
Otros Autores: ..., Hoàng Tâm Chí, Xuân Cang
Formato: Sách giấy
Lenguaje:Vietnamese
Publicado: Hà Nội : Lao động , 1962
Etiquetas: Agregar Etiqueta
Sin Etiquetas, Sea el primero en etiquetar este registro!
Thư viện lưu trữ: Thư viện Trường Đại học Đà Lạt
LEADER 00689nam a2200289 4500
001 DLU020006295
005 ##4/27/2000
020 # # |a 978- 
041 # # |a vie 
082 # # |a 923.1  |b Chu 
090 # # |a 923.1  |b Chu 
100 # # |a Đình Nguyên 
245 # # |a Chúng ta có Bác Hồ, t. I /  |c nguyên Đình, Cang Xuân, Chí Hoàng Tâm, ...  
260 # # |a Hà Nội :  |b Lao động ,  |c 1962 
300 # # |a 208 tr.;   |c 19 cm. 
700 # # |a ..., 
700 # # |a Hoàng Tâm Chí 
700 # # |a Xuân Cang 
992 # # |a 693 
994 # # |a DLU 
900 # # |a False 
911 # # |a Administrator 
925 # # |a G 
926 # # |a A 
927 # # |a SH 
980 # # |a Thư viện Trường Đại học Đà Lạt